000 00833nas a2200253 4500
001 BR8503503
003 BR-BrBNA
005 20231205090253.0
007 ta
008 230509b bl.|||p| |||| 00| 00por d
040 _aBR-BrBNA
_bpor
_cBiblioteca Nacional de Agricultura
041 _a(Pt)
072 _aL40
100 1 _aRandi, R.E.
100 1 _aFernandes Filho, A.
245 1 _aContribuicao ao estudo dos elementos vasculares, arteriais e venosos, do hilo renal em caes da raca pastor alemao
650 _aCAO
650 _aANATOMIA ANIMAL
650 _aARTERIA
650 _aVEIA
773 0 _tRevista da Faculdade de Medicina Veterinaria e Zootecnia da Universidade de Sao Paulo (Brazil)
_xISSN 0303-7525
_g(1985), v. 22(2) p. 77-95
_wBR8503503
909 _a202311
_bLúcia
_c55
_dLúcia Elande
942 _2AGRIS
_n0
_cANA
999 _c117260
_d117260